000 005610000a22001810004500
003 MACL
005 20160409150254.0
008 160409b xxu||||| |||| 00| 0 eng d
040 _aMACL
_cMACL
041 _aHindi
082 _a600
100 _aसिंह आर. जे
_948087
245 _aभारत की बहुउद़देशीय योजनाऍ
260 _aरायपुर
_bवंश पब्लिकेशन
_c2011
350 _a300
650 _aतकनीकी विज्ञान
_951384
942 _cHIN
_k600
_2ddc
999 _c47571
_d47571